[Event "IV Open Internacional Ciutat d"]
[Site "Palma"]
[Date "2009.11.25"]
[Round "6.29"]
[White "Zdebskaja, Natalia"]
[Black "Galiana Salom, Juan Ramon"]
[Result "1-0"]
[WhiteElo "2408"]
[BlackElo "2221"]
[PlyCount "65"]
[EventDate "2009.11.21"]

1. e4 e6 2. d4 d5 3. Nc3 Nf6 4. Bg5 Bb4 5. e5 h6 6. Bc1 Ne4 7. Qg4 g6 8. Nge2
c5 9. a3 Qa5 10. axb4 Qxa1 11. Nxd5 Nc6 12. Nc7+ Kd8 13. Nxa8 Nxd4 14. Qxe4
Nxe2 15. Bxe2 Qxc1+ 16. Bd1 Qxb2 17. O-O Qxb4 18. Qxb4 cxb4 19. Bf3 Ke7 20. Ra1
Rd8 21. Rxa7 Rd2 22. Nb6 Rxc2 23. Nxc8+ Rxc8 24. Rxb7+ Kf8 25. Be2 Rc2 26. Bf1
Rb2 27. g3 h5 28. Bc4 Kg8 29. h4 Kf8 30. Kg2 Kg8 31. Kf3 Kf8 32. Ke3 Kg8 33. f3
1-0

[Event "IV Open Internacional Ciutat d"]
[Site "Palma"]
[Date "2009.11.25"]
[Round "6.31"]
[White "Matnadze, Ana"]
[Black "Serra Olives, Tomas"]
[Result "1-0"]
[WhiteElo "2401"]
[BlackElo "2143"]
[PlyCount "63"]
[EventDate "2009.11.21"]

1. d4 Nf6 2. g3 c5 3. d5 e6 4. c4 exd5 5. cxd5 d6 6. Nc3 g6 7. Bg2 Bg7 8. Nf3
O-O 9. O-O Nbd7 10. Bf4 Qe7 11. Re1 h6 12. e4 Nh5 13. Be3 Ndf6 14. e5 dxe5 15.
d6 Qd8 16. Nxe5 Re8 17. Bxc5 Rxe5 18. Rxe5 Nd7 19. Rxh5 gxh5 20. Bd4 Ne5 21.
Bxe5 Bxe5 22. Qxh5 Bxc3 23. bxc3 Qxd6 24. Re1 Bd7 25. Rd1 Qe7 26. Qxh6 Bb5 27.
h3 Rd8 28. Rxd8+ Qxd8 29. Be4 Qe8 30. Bh7+ Kh8 31. Bd3+ Kg8 32. Qg5+ 1-0

[Event "IV Open Internacional Ciutat d"]
[Site "Palma"]
[Date "2009.11.25"]
[Round "6.32"]
[White "Lemeaux, David"]
[Black "Roos, Michael"]
[Result "0-1"]
[WhiteElo "2217"]
[BlackElo "2375"]
[PlyCount "78"]
[EventDate "2009.11.21"]

1. d4 Nf6 2. c4 e6 3. Nc3 c5 4. Nf3 cxd4 5. Nxd4 Bb4 6. Qb3 Na6 7. e3 b6 8. Be2
Bb7 9. O-O O-O 10. a3 Be7 11. Qc2 Qb8 12. b4 Rc8 13. Qd3 Nc7 14. e4 Nce8 15. f4
d6 16. f5 e5 17. Nb3 Ba6 18. b5 Bb7 19. Be3 Nd7 20. g3 Qc7 21. Rfc1 Qd8 22. h4
a6 23. a4 h6 24. Qd2 Nef6 25. Qd3 axb5 26. axb5 Rxa1 27. Rxa1 Ra8 28. Nd5 Kf8
29. Rd1 Nc5 30. Nxc5 dxc5 31. Bf3 Bxd5 32. cxd5 Ne8 33. Qc2 Nd6 34. Rb1 Ra5 35.
Be2 Qa8 36. Rb2 Ra3 37. Kf2 Qa4 38. Bd3 Qxc2+ 39. Bxc2 Nc4 0-1

[Event "IV Open Internacional Ciutat d"]
[Site "Palma"]
[Date "2009.11.25"]
[Round "6.33"]
[White "Pastor Alonso De Prado, Emilio"]
[Black "Mascaro March, Pedro"]
[Result "1-0"]
[WhiteElo "2188"]
[BlackElo "2369"]
[PlyCount "89"]
[EventDate "2009.11.21"]

1. e4 Nc6 2. Nc3 Nf6 3. Nf3 d6 4. d4 Bg4 5. d5 Nb8 6. h3 Bxf3 7. Qxf3 g6 8. Bf4
Bg7 9. O-O-O Nfd7 10. Qe3 c6 11. Bh6 O-O 12. Bxg7 Kxg7 13. f4 cxd5 14. exd5 Nf6
15. g4 Qb6 16. Qxb6 axb6 17. Bb5 Rc8 18. Rhe1 Ra5 19. a4 Kf8 20. Rd3 Rc7 21. b3
Ra8 22. Kb2 Na6 23. Bxa6 bxa6 24. Ne4 Rac8 25. c4 Nd7 26. a5 bxa5 27. Ra1 Rb7
28. Kc3 h6 29. Rxa5 f5 30. gxf5 gxf5 31. Nd2 Nc5 32. Re3 Rcb8 33. Kc2 Kf7 34.
Rg3 Rb4 35. Ra3 R4b6 36. h4 Nd7 37. Nf3 Nf8 38. Nd4 Ng6 39. Nxf5 h5 40. Nd4 Kf6
41. Ra1 Nxh4 42. Re1 Rh8 43. Re6+ Kf7 44. f5 Rbb8 45. Re4 1-0

[Event "IV Open Internacional Ciutat d"]
[Site "Palma"]
[Date "2009.11.25"]
[Round "6.34"]
[White "Stoeckmann, Helmut"]
[Black "Hernandez Gallardo, Fco  Javier"]
[Result "0-1"]
[WhiteElo "2135"]
[BlackElo "2360"]
[PlyCount "112"]
[EventDate "2009.11.21"]

1. c4 e6 2. Nc3 Bb4 3. e4 Ne7 4. a3 Bxc3 5. dxc3 d6 6. f4 Nd7 7. Bd3 e5 8. f5
b6 9. Ne2 Nc6 10. Ng3 Qe7 11. Be3 Bb7 12. b4 a5 13. Qd2 axb4 14. cxb4 Nd4 15.
Qb2 c5 16. O-O f6 17. Rfd1 O-O 18. Ne2 Bc6 19. Nc3 Rfb8 20. b5 Bb7 21. a4 g6
22. fxg6 hxg6 23. Rf1 Kg7 24. Qf2 Rh8 25. Qg3 Rh5 26. Ra3 Nf8 27. Nd5 Bxd5 28.
cxd5 g5 29. Qf2 Nd7 30. g3 Ra7 31. Rfa1 Qd8 32. Bd2 Qh8 33. Be2 Rh6 34. R1a2 c4
35. Bb4 Qc8 36. Bg4 Qc7 37. Bxd7 Qxd7 38. Bc3 Qg4 39. Bxd4 Qd1+ 40. Kg2 Qxd4
41. Qe3 Rh8 42. Qf3 Rc8 43. Rc3 Rcc7 44. Rf2 Rf7 45. Ra2 f5 46. exf5 g4 47. Qe3
Qxd5+ 48. Kg1 Qd1+ 49. Kg2 Rxf5 50. Rc1 Qf3+ 51. Qxf3 gxf3+ 52. Kf2 d5 53. Ke3
e4 54. Rd1 Rd7 55. g4 Rff7 56. Rc2 Kf6 0-1

[Event "IV Open Internacional Ciutat d"]
[Site "Palma"]
[Date "2009.11.25"]
[Round "6.35"]
[White "Mercant Simo, Jaime"]
[Black "Heinzel, Olaf"]
[Result "1/2-1/2"]
[WhiteElo "2082"]
[BlackElo "2332"]
[PlyCount "133"]
[EventDate "2009.11.21"]

1. e4 d5 2. exd5 Qxd5 3. Nc3 Qd6 4. Bc4 Nf6 5. Nge2 c6 6. d4 Bg4 7. Qd3 e6 8.
a3 Bf5 9. Qd1 Qc7 10. Bf4 Bd6 11. Bg3 Nbd7 12. Bd3 Bxd3 13. Qxd3 O-O 14. O-O
Rfd8 15. Rad1 Nb6 16. b3 Bxg3 17. Qxg3 Qe7 18. Nb1 Rd7 19. Rd3 Rad8 20. Rfd1 h6
21. c4 c5 22. Qf3 cxd4 23. Nxd4 Qc5 24. Ne2 Rxd3 25. Rxd3 Rxd3 26. Qxd3 Nfd7
27. h3 a5 28. Nec3 f5 29. Na4 Qc6 30. Nbc3 Nxa4 31. Nxa4 Kf7 32. Kf1 b6 33. f4
g5 34. fxg5 hxg5 35. Qd2 Kg6 36. Nc3 Nf6 37. Qd3 g4 38. Ne2 e5 39. Ng3 e4 40.
Qe3 Qd6 41. Qh6+ Kf7 42. Nxf5 Qd3+ 43. Kg1 e3 44. Nxe3 gxh3 45. Qxh3 Qxb3 46.
Qf3 Qb1+ 47. Kh2 Qd3 48. Qb7+ Kg6 49. Qxb6 Qxe3 50. Qxe3 Ng4+ 51. Kg3 Nxe3 52.
c5 Kf5 53. Kf3 Nc4 54. g4+ Ke5 55. g5 Kd5 56. Kf4 Ne5 57. Kf5 Nf7 58. g6 Nh6+
59. Kf4 Kxc5 60. Ke3 Kc4 61. Kd2 Kb3 62. Kc1 Kxa3 63. Kb1 Kb3 64. g7 a4 65. Ka1
a3 66. Kb1 a2+ 67. Ka1 1/2-1/2

[Event "IV Open Internacional Ciutat d"]
[Site "Palma"]
[Date "2009.11.25"]
[Round "6.38"]
[White "Rabadan Velasco, Raul"]
[Black "Planas Gene, Juan"]
[Result "1-0"]
[WhiteElo "2334"]
[BlackElo "2112"]
[PlyCount "77"]
[EventDate "2009.11.21"]

1. d4 Nf6 2. Nf3 e6 3. e3 d5 4. c4 c6 5. Nbd2 Nbd7 6. b3 Bd6 7. Bb2 Ne4 8. Bd3
f5 9. O-O O-O 10. Ne5 Qf6 11. Ndf3 Ng5 12. Nxg5 Qxg5 13. f4 Qe7 14. Rf3 Nf6 15.
Rh3 Bd7 16. Qe1 Be8 17. Qh4 g6 18. c5 Bc7 19. Kh1 Bd8 20. Qe1 Rc8 21. Qe2 Kh8
22. Bc3 Rg8 23. Be1 Qf8 24. Bh4 Ne4 25. Bxe4 dxe4 26. Qb2 Bxh4 27. Rxh4 Qf6 28.
Rh3 Rg7 29. g4 g5 30. Rg1 Kg8 31. gxf5 exf5 32. fxg5 Qe6 33. Rh6 Bg6 34. Rf1
Rf8 35. Rf4 b6 36. h4 Qe8 37. Qe2 bxc5 38. Qc4+ Kh8 39. Qxc5 1-0

[Event "IV Open Internacional Ciutat d"]
[Site "Palma"]
[Date "2009.11.25"]
[Round "6.39"]
[White "Serrano Salvador, Eduardo"]
[Black "Roig Squar, Jason"]
[Result "1-0"]
[WhiteElo "2319"]
[BlackElo "2110"]
[PlyCount "85"]
[EventDate "2009.11.21"]

1. d4 Nf6 2. Nf3 d5 3. c4 e6 4. Nc3 Be7 5. Bf4 O-O 6. e3 Nbd7 7. Rc1 c6 8. a3
Re8 9. cxd5 exd5 10. Nb5 cxb5 11. Bc7 Bb4+ 12. axb4 Qe7 13. Qb3 a6 14. Be2 Nb8
15. Bxb8 Rxb8 16. O-O Be6 17. Ne5 Ne4 18. Rcd1 Rbc8 19. Bf3 Qc7 20. Nd3 Qc2 21.
Qxc2 Rxc2 22. Bxe4 dxe4 23. Nc5 Bc4 24. Rfe1 Rxb2 25. d5 Rd8 26. d6 Bd3 27.
Nxb7 Rd7 28. Nc5 Rxd6 29. Nxe4 Rd5 30. Nc5 Bc4 31. Rxd5 Bxd5 32. Rd1 Kf8 33. h4
Bc4 34. Nxa6 Ra2 35. Nb8 Rb2 36. Nc6 g6 37. e4 Kg7 38. e5 Kh6 39. Rd4 g5 40.
Rg4 gxh4 41. f4 Kh5 42. Rg5+ Kh6 43. Ne7 1-0

[Event "IV Open Internacional Ciutat d"]
[Site "Palma"]
[Date "2009.11.25"]
[Round "6.41"]
[White "Ocantos, Manuel"]
[Black "Ripoll Marques, Antonio"]
[Result "1-0"]
[WhiteElo "2161"]
[BlackElo "2091"]
[PlyCount "83"]
[EventDate "2009.11.21"]

1. e4 e5 2. Nf3 Nc6 3. Bb5 d6 4. d4 Bd7 5. Nc3 Nf6 6. Bg5 Be7 7. O-O Nxd4 8.
Nxd4 exd4 9. Qxd4 O-O 10. Rad1 Be6 11. Kh1 h6 12. Bc1 Nh7 13. f4 f5 14. Bc4
Bxc4 15. Qxc4+ Kh8 16. exf5 c6 17. Rde1 d5 18. Qb3 Qd7 19. Ne2 Rxf5 20. Qh3 Bc5
21. Ng3 Rf7 22. f5 Re8 23. Rd1 Bd6 24. Nh5 Re5 25. g4 Re2 26. Rd2 Rfe7 27. Qd3
Qe8 28. f6 gxf6 29. Nxf6 Nxf6 30. Rxf6 Re1+ 31. Kg2 R7e6 32. Rdf2 Rxc1 33. Qd2
Rxf6 34. Rxf6 Qe4+ 35. Kh3 Rxc2 36. Qxh6+ Qh7 37. Qxh7+ Kxh7 38. Rxd6 Rxb2 39.
a4 a5 40. Kg3 Rb3+ 41. Kh4 Rb4 42. Kg5 1-0

[Event "IV Open Internacional Ciutat d"]
[Site "Palma"]
[Date "2009.11.25"]
[Round "6.43"]
[White "Juan Mas, Santiago"]
[Black "Quillan, Gary"]
[Result "0-1"]
[WhiteElo "2080"]
[BlackElo "2394"]
[PlyCount "106"]
[EventDate "2009.11.21"]

1. Nf3 Nf6 2. d4 c5 3. c4 e6 4. Nc3 cxd4 5. Nxd4 Bb4 6. g3 Ne4 7. Qc2 Qa5 8.
Ndb5 d5 9. Bg2 O-O 10. Bxe4 dxe4 11. a3 Bxc3+ 12. Qxc3 Qxc3+ 13. Nxc3 Nc6 14.
O-O b6 15. Be3 Na5 16. c5 Nb3 17. Rad1 bxc5 18. Nxe4 Ba6 19. Rd6 Bxe2 20. Re1
Bf3 21. Nxc5 Na5 22. Ra6 Nc4 23. b3 Ne5 24. Bd4 Nc6 25. Bc3 Rfd8 26. Ne4 Ne7
27. Nd2 Bb7 28. Ra4 Rd3 29. Rd4 Rd8 30. Rxd8+ Rxd8 31. Rc1 Rd3 32. Ba5 Nc6 33.
Bc3 f6 34. Kf1 e5 35. Ke2 Rd7 36. Ke3 Ne7 37. Ke2 Nf5 38. Nc4 Ba6 39. Rd1 Rb7
40. Rd8+ Kf7 41. Bb4 Nd4+ 42. Kd1 Kg6 43. Nxe5+ fxe5 44. Rd6+ Kf5 45. Rxa6 Ke4
46. f4 exf4 47. gxf4 Nxb3 48. Rd6 Nd4 49. Rd8 Nc6 50. Rf8 a5 51. Bd6 Rd7 52.
Re8+ Kf5 53. Rf8+ Ke6 0-1

[Event "IV Open Internacional Ciutat d"]
[Site "Palma"]
[Date "2009.11.25"]
[Round "6.45"]
[White "Gaya Llodra, Juan"]
[Black "Schmidt, Jade"]
[Result "1-0"]
[WhiteElo "2259"]
[BlackElo "2003"]
[PlyCount "51"]
[EventDate "2009.11.21"]

1. d4 d5 2. g3 c6 3. Bg2 Nf6 4. Nf3 Bf5 5. O-O e6 6. c4 Nbd7 7. cxd5 exd5 8.
Nc3 h6 9. Ne5 Nxe5 10. dxe5 Nd7 11. e4 dxe4 12. Nxe4 Nxe5 13. Qh5 Qd7 14. Bf4
Qe6 15. Rfe1 O-O-O 16. Nc5 Qg6 17. Qh4 Bxc5 18. Rxe5 Bd4 19. Rxf5 Bf6 20. Bh3
Rd7 21. Rxf6 gxf6 22. Bxd7+ Kxd7 23. Rd1+ Ke7 24. Bd6+ Ke8 25. Qd4 Qc2 26. Qe3+
1-0

[Event "IV Open Internacional Ciutat d"]
[Site "Palma"]
[Date "2009.11.25"]
[Round "6.46"]
[White "Albers, Andreas"]
[Black "Pons Servera, Cristobal"]
[Result "0-1"]
[WhiteElo "2007"]
[BlackElo "2123"]
[PlyCount "66"]
[EventDate "2009.11.21"]

1. e4 d6 2. d4 g6 3. Nc3 Bg7 4. Be3 a6 5. a4 Nd7 6. Bc4 c6 7. Nge2 Ngf6 8. f3
e5 9. O-O O-O 10. Qd2 Re8 11. Bb3 Qe7 12. dxe5 dxe5 13. Rad1 Nc5 14. Ba2 Be6
15. Bxe6 Nxe6 16. Qd6 Qxd6 17. Rxd6 Bf8 18. Rd2 b5 19. Nc1 Nd4 20. axb5 axb5
21. N3e2 c5 22. c3 Ne6 23. Rfd1 c4 24. g4 Red8 25. Bb6 Rxd2 26. Rxd2 Bh6 27.
Rd1 Ra1 28. Kf2 Rb1 29. h4 Bxc1 30. Nxc1 Rxb2+ 31. Ke3 Kf8 32. g5 Nh5 33. Ne2
Nhf4 0-1

[Event "IV Open Internacional Ciutat d"]
[Site "Palma"]
[Date "2009.11.25"]
[Round "6.48"]
[White "Pol Guiscafre, David"]
[Black "Checiak, Krzysztof"]
[Result "1-0"]
[WhiteElo "1986"]
[BlackElo "2122"]
[PlyCount "149"]
[EventDate "2009.11.21"]

1. e4 e5 2. Nf3 Nc6 3. d4 exd4 4. Bc4 Nf6 5. O-O Nxe4 6. Re1 d5 7. Bxd5 Qxd5 8.
Nc3 Qh5 9. Nxe4 Be6 10. Bg5 h6 11. Bf6 Qf5 12. Bxd4 O-O-O 13. c3 Bd5 14. Qc2
Rg8 15. Re2 Kb8 16. Rae1 Be7 17. c4 Bxe4 18. Qxe4 Qxe4 19. Rxe4 Bb4 20. Rd1 Bc5
21. g4 a5 22. Rd2 Bb4 23. Rde2 f6 24. a3 Bd6 25. Kg2 b6 26. Bc3 Kb7 27. Nd4
Nxd4 28. Bxd4 Rgf8 29. Re6 Rf7 30. Bc3 f5 31. Rg6 fxg4 32. Rxg7 Rxg7 33. Bxg7
h5 34. Bf6 Rf8 35. Bh4 Rf4 36. Rc2 Re4 37. h3 a4 38. Bg3 Be7 39. f3 gxh3+ 40.
Kxh3 Re3 41. Kg2 Kc6 42. Bf2 Re6 43. Rd2 Re5 44. f4 Rf5 45. Kf3 Bd6 46. Be3 Kd7
47. Rg2 Ke6 48. Ke4 Rf6 49. Rg5 Rh6 50. Rg7 Rf6 51. Rh7 h4 52. Rxh4 Rf7 53. Bd4
Re7 54. Be5 Bc5 55. Rg4 c6 56. f5+ Kf7 57. Rg7+ Kf8 58. f6 Rxg7 59. fxg7+ Kf7
60. Kf5 b5 61. cxb5 cxb5 62. Bc3 b4 63. axb4 Be3 64. Ke4 Bc1 65. b5 a3 66. bxa3
Bxa3 67. b6 Bc5 68. b7 Ba7 69. Bf6 Bb8 70. Bd4 Bc7 71. Kf5 Bb8 72. Kg5 Bg3 73.
Kh5 Bc7 74. Kh6 Kg8 75. Ba7 1-0

[Event "IV Open Internacional Ciutat d"]
[Site "Palma"]
[Date "2009.11.25"]
[Round "6.49"]
[White "Crespi Lopez, Juan Josep"]
[Black "Perez Aleman, Pedro Tomas"]
[Result "0-1"]
[WhiteElo "1981"]
[BlackElo "2093"]
[PlyCount "62"]
[EventDate "2009.11.21"]

1. d4 Nf6 2. c4 d6 3. Nf3 g6 4. Nc3 Bg7 5. e4 Bg4 6. Be2 O-O 7. h3 Bxf3 8. Bxf3
Nfd7 9. Be3 Nc6 10. O-O e5 11. d5 Nd4 12. Be2 f5 13. f3 Nf6 14. Bxd4 exd4 15.
Nb5 c5 16. dxc6 bxc6 17. Nxd4 Qb6 18. Kh1 Rae8 19. c5 dxc5 20. Bc4+ Kh8 21. Ne6
Rxe6 22. Bxe6 Nh5 23. Qe1 Qb8 24. f4 fxe4 25. g4 Nxf4 26. Qxe4 g5 27. Rae1 Qxb2
28. Qxc6 Qc3 29. Kh2 Qxh3+ 30. Kg1 Bd4+ 31. Rf2 Qg3+ 0-1

[Event "IV Open Internacional Ciutat d"]
[Site "Palma"]
[Date "2009.11.25"]
[Round "6.50"]
[White "Valls Casas, Jordi"]
[Black "Sierra Jimenez, Manuel"]
[Result "1-0"]
[WhiteElo "2076"]
[BlackElo "1961"]
[PlyCount "123"]
[EventDate "2009.11.21"]

1. d4 f5 2. e4 fxe4 3. Nc3 Nf6 4. Bg5 c6 5. Bxf6 exf6 6. Nxe4 d5 7. Ng3 Bd6 8.
Bd3 g6 9. N1e2 Be6 10. c3 Nd7 11. Qd2 Qc7 12. Qe3 Nf8 13. c4 Bb4+ 14. Kf1 Qe7
15. c5 Ba5 16. h4 Bd7 17. Qc1 h5 18. b4 Bc7 19. Qc2 f5 20. Nc3 Qf6 21. Nge2 Ne6
22. Rd1 a6 23. Rh3 O-O 24. a3 Rf7 25. Nb1 Kg7 26. Nd2 Nxd4 27. Nxd4 Qxd4 28.
Nf3 Qf6 29. a4 Re8 30. Qb1 f4 31. Rh1 Bg4 32. b5 cxb5 33. axb5 Ba5 34. bxa6
bxa6 35. Kg1 Rfe7 36. Rf1 Bc3 37. Qc2 Be5 38. Qb1 Bc3 39. Qc2 d4 40. Ng5 Be2
41. Rb1 Bxd3 42. Qxd3 Re5 43. Rb7+ R8e7 44. Rxe7+ Qxe7 45. Qf3 Rxc5 46. Kh2 Rd5
47. Rb1 d3 48. Rb3 Be5 49. Rxd3 Rxd3 50. Qxd3 Qd6 51. Qc4 Qd4 52. Qxa6 Qd7 53.
Qc4 Qd4 54. Qa6 Kf8 55. Qc8+ Ke7 56. Qb7+ Qd7 57. Qb4+ Kd8 58. Qa5+ Bc7 59.
Qa8+ Ke7 60. Qa3+ Qd6 61. Qb3 Qd4 62. Qa3+ 1-0

[Event "IV Open Internacional Ciutat d"]
[Site "Palma"]
[Date "2009.11.25"]
[Round "6.53"]
[White "Gomez Andreu, Daniel"]
[Black "Simon, Laurent"]
[Result "1-0"]
[WhiteElo "1874"]
[BlackElo "2058"]
[PlyCount "59"]
[EventDate "2009.11.21"]

1. e4 e5 2. Nf3 Nc6 3. Bc4 Nf6 4. Ng5 d5 5. exd5 b5 6. Nc3 bxc4 7. dxc6 Bg4 8.
f3 Bh5 9. Qe2 Bd6 10. d3 cxd3 11. cxd3 O-O 12. Be3 Bg6 13. Nge4 Nxe4 14. dxe4
f5 15. O-O f4 16. Bf2 Be8 17. Qc4+ Kh8 18. Nb5 a6 19. Nxd6 cxd6 20. c7 Qc8 21.
Qd5 Rf6 22. Rac1 Bd7 23. Rc3 Qe8 24. Bh4 Rh6 25. Bd8 Rc8 26. h4 Rxd8 27. cxd8=Q
Qxd8 28. Qb7 Rxh4 29. Rfc1 h6 30. Rc8 1-0

[Event "IV Open Internacional Ciutat d"]
[Site "Palma"]
[Date "2009.11.25"]
[Round "6.57"]
[White "Gallardo Pina, Neus"]
[Black "Do Santos Julio, Joao Manuel"]
[Result "0-1"]
[WhiteElo "1809"]
[BlackElo "2043"]
[PlyCount "102"]
[EventDate "2009.11.21"]

1. f4 Nc6 2. Nf3 d6 3. b3 e5 4. fxe5 Nxe5 5. e3 g6 6. Nxe5 dxe5 7. Bb2 Bg7 8.
Bc4 Nh6 9. O-O O-O 10. h3 a6 11. a4 Nf5 12. Ba3 Nd6 13. Qe2 Qg5 14. Nc3 Be6 15.
Bxe6 fxe6 16. e4 Bh6 17. d3 Qg3 18. Rf3 Rxf3 19. Qxf3 Qh4 20. Rf1 Rf8 21. Qe2
Bf4 22. Rf3 Bh6 23. Qf2 Qg5 24. Rxf8+ Bxf8 25. h4 Qg4 26. Qf6 Bh6 27. Qd8+ Kg7
28. Qe7+ Kg8 29. Qd8+ Bf8 30. Qf6 b6 31. Qxe5 Nf7 32. Qxc7 Bxa3 33. Qb8+ Kg7
34. Qxb6 Qxh4 35. Qf2 Qg5 36. Ne2 e5 37. Kf1 Qd2 38. d4 Qd1+ 39. Qe1 Qxc2 40.
dxe5 Nxe5 41. Qc3 Qd1+ 42. Kf2 Bc5+ 43. Kg3 Bd6 44. Kf2 Kf7 45. Qc8 Nd3+ 46.
Kf3 Ne5+ 47. Kf2 h5 48. Qb7+ Kf8 49. Qc8+ Kg7 50. Qc3 Kh7 51. b4 Ng4+ 0-1

[Event "IV Open Internacional Ciutat d"]
[Site "Palma"]
[Date "2009.11.25"]
[Round "6.58"]
[White "Ponce Cano, Adrian"]
[Black "Maruejols, Claude"]
[Result "1/2-1/2"]
[WhiteElo "1625"]
[BlackElo "2039"]
[PlyCount "120"]
[EventDate "2009.11.21"]

1. Nf3 d6 2. g3 e5 3. d3 Nc6 4. Bg2 f5 5. Nc3 Nf6 6. Bg5 Be6 7. Nb5 Be7 8. c4
O-O 9. Nd2 h6 10. Bxf6 Bxf6 11. Nc3 Qd7 12. Qb3 Nd4 13. Qd1 f4 14. Nd5 Bg5 15.
Nf3 fxg3 16. hxg3 Nxf3+ 17. Bxf3 c6 18. Nc3 d5 19. Qb3 dxc4 20. Qd1 cxd3 21.
exd3 Qf7 22. Ne4 Bd5 23. Nxg5 hxg5 24. Bxd5 cxd5 25. Rh2 Rac8 26. Rc1 Rxc1 27.
Qxc1 Qf5 28. Qd2 Rf6 29. Qe2 Qf3 30. Qxf3 Rxf3 31. Ke2 Rf5 32. g4 Rf4 33. f3
Kf7 34. Rh8 Rf6 35. Rd8 Rb6 36. b3 Ke6 37. Re8+ Kf6 38. Rd8 d4 39. Rf8+ Kg6 40.
Kd2 Ra6 41. a4 Rb6 42. Kc2 Rc6+ 43. Kd2 a6 44. Rb8 Rb6 45. Kc2 Rc6+ 46. Kd2 Rb6
47. Kc2 Rc6+ 48. Kd2 Rc7 49. b4 Kf6 50. Rf8+ Ke6 51. Rf5 g6 52. Rf8 Ke7 53. Rg8
Kf7 54. Rh8 Kg7 55. Re8 Kf6 56. Rf8+ Rf7 57. Rxf7+ Kxf7 58. Kc2 Ke6 59. Kb3 b5
60. Ka3 Kd6 1/2-1/2

[Event "IV Open Internacional Ciutat d"]
[Site "Palma"]
[Date "2009.11.25"]
[Round "6.59"]
[White "Munar Mut, Antonio"]
[Black "Alemany Jara, Alejandro"]
[Result "0-1"]
[WhiteElo "2032"]
[BlackElo "1789"]
[PlyCount "82"]
[EventDate "2009.11.21"]

1. e4 e5 2. Nf3 Nc6 3. Bb5 Bc5 4. Bxc6 dxc6 5. O-O Bg4 6. d3 Qe7 7. Nbd2 Nf6 8.
h3 Bh5 9. Nb3 Bb6 10. Qe2 Nd7 11. Be3 f6 12. Bxb6 Nxb6 13. a4 a6 14. Qe3 Nd7
15. Rfe1 Bf7 16. d4 O-O-O 17. dxe5 fxe5 18. Qa7 Bxb3 19. cxb3 g5 20. Red1 Nb8
21. Qe3 Rdg8 22. Qc3 Re8 23. b4 h5 24. Rd3 g4 25. Ne1 Ref8 26. Rad1 Qf6 27. Qc5
b6 28. Qe3 gxh3 29. Qxh3+ Kb7 30. Nf3 Rhg8 31. Qxh5 Qg7 32. g3 Rh8 33. Qxe5 Qg4
34. Qg5 Qh3 35. Nh4 Rfg8 36. Qf5 Qxh4 37. Kf1 Qe7 38. b5 Rf8 39. bxc6+ Nxc6 40.
Qd7 Qc5 41. R3d2 Rh1+ 0-1

[Event "IV Open Internacional Ciutat d"]
[Site "Palma"]
[Date "2009.11.25"]
[Round "6.61"]
[White "Shen, Yue"]
[Black "Amos, Frank"]
[Result "1/2-1/2"]
[WhiteElo "1809"]
[BlackElo "2193"]
[PlyCount "77"]
[EventDate "2009.11.21"]

1. e4 e5 2. Nf3 Nc6 3. Bb5 Bc5 4. O-O Nf6 5. Re1 O-O 6. c3 d6 7. d4 Bb6 8. Bg5
h6 9. Bh4 exd4 10. Bxc6 dxc3 11. Nxc3 bxc6 12. e5 dxe5 13. Nxe5 g5 14. Bg3 Qxd1
15. Raxd1 Bb7 16. Re2 Rad8 17. Red2 Rxd2 18. Rxd2 Nd5 19. Nxd5 cxd5 20. Nd7 Rc8
21. Nxb6 axb6 22. f3 c5 23. h4 f5 24. Bf2 Kf7 25. hxg5 hxg5 26. Kf1 d4 27. a3
Ke6 28. Ke2 Ba6+ 29. Kd1 Rh8 30. g3 Kd5 31. Kc2 Bb5 32. b3 Rh3 33. a4 Bf1 34.
b4 d3+ 35. Kc3 f4 36. gxf4 gxf4 37. bxc5 bxc5 38. a5 Rh6 39. Rb2 1/2-1/2

[Event "IV Open Internacional Ciutat d"]
[Site "Palma"]
[Date "2009.11.25"]
[Round "6.62"]
[White "Perez Garcia, Miguel"]
[Black "Abadia Pascual, Luis"]
[Result "0-1"]
[WhiteElo "1794"]
[BlackElo "1929"]
[PlyCount "76"]
[EventDate "2009.11.21"]

1. c4 f5 2. d4 Nf6 3. Nc3 g6 4. g3 Bg7 5. Bg2 d6 6. f4 O-O 7. Nf3 c6 8. O-O
Nbd7 9. Rb1 Qe8 10. Re1 e5 11. e4 fxe4 12. Nxe4 Nxe4 13. Rxe4 Nf6 14. Re1 e4
15. Ng5 Bf5 16. b4 h6 17. Nh3 Qe6 18. d5 cxd5 19. cxd5 Nxd5 20. Nf2 Nc3 21. Qb3
Nxb1 22. Qxb1 e3 23. Nd3 Qc4 24. Bf1 e2 25. Bxe2 Qd4+ 26. Kg2 Qe4+ 27. Bf3 Qxd3
28. Qxd3 Bxd3 29. Bxb7 Rae8 30. Rd1 Bf5 31. Rxd6 Re2+ 32. Kf3 Rfe8 33. g4 Bb1
34. Bd5+ Kh8 35. h4 Rc2 36. Be3 Rc3 37. Be6 Bxa2 38. Bxa2 Rcxe3+ 0-1

[Event "IV Open Internacional Ciutat d"]
[Site "Palma"]
[Date "2009.11.25"]
[Round "6.65"]
[White "Cerdo Fernandez, Miguel"]
[Black "Genute, Giedre"]
[Result "1-0"]
[WhiteElo "1916"]
[BlackElo "1631"]
[PlyCount "53"]
[EventDate "2009.11.21"]

1. e4 c5 2. Nf3 d6 3. d4 cxd4 4. Nxd4 Nc6 5. Nc3 a6 6. Nxc6 bxc6 7. e5 e6 8.
exd6 Qxd6 9. Bd3 Nf6 10. O-O Be7 11. Bg5 Qc7 12. Qf3 Bb7 13. Qh3 h6 14. Bd2
O-O-O 15. a4 g5 16. f4 Bc5+ 17. Kh1 Be7 18. a5 Bb4 19. Ra4 Bxa5 20. Rfa1 Bb6
21. Be3 Bxe3 22. Qxe3 Qxf4 23. Rxf4 gxf4 24. Qxf4 Nd5 25. Nxd5 cxd5 26. Bxa6
Bxa6 27. Rxa6 1-0